| 000 | 00857nam a2200289Ia 4500 | ||
|---|---|---|---|
| 001 | Para_556 | ||
| 003 | CHAP | ||
| 008 | 220125s1978 xx 000 0 und d | ||
| 010 | _a199299 | ||
| 040 | _cCHAP | ||
| 090 | _aPA FOLLETO 3340 | ||
| 100 |
_aLopez Lopez, Fidel _968033 |
||
| 245 |
_aEl cultivo del ajo en el Valle de Culiacan / _c por Fidel Lopez Lopez |
||
| 250 | _a2 | ||
| 260 |
_aCuliacán, Sin. : _b INIA. Centro de Investigaciones Agrícolas del Pacifico Norte |
||
| 300 | _a8 p. | ||
| 410 | _aCircular CIAPAN; 74 | ||
| 650 |
_aAjo _x Sinaloa _93212 |
||
| 710 |
_aINIA. Centro de Investigaciones Agrícolas del Pacifico Norte _9164592 |
||
| 901 | _aPA FOLLETO 3340 | ||
| 902 | _aA | ||
| 905 | _a0000001978 a 0000000000 00 | ||
| 910 | _a1978 | ||
| 942 | _cPARA | ||
| 942 |
_cPARA _d1 |
||
| 999 |
_c199299 _d199299 |
||